000 00851cab a22002415a 4500
001 L159880
008 150113e2017 xxk 000 0 eng d
035 _a(Sirsi) u159880
041 0 _aeng
050 _a346.410434 $2 18
100 1 _aKing, Vivien
245 0 0 _aSensible settlements
_h[electronic resource]
260 _aLondon
_bRICS
_c2017
490 _aRICS Building Surveying Journal
_vDecember 2017 - January 2018, 9(1)
520 _aTakes a look at the RICS dilapidations disputes resolution scheme.
650 2 4 _aDilapidations
_96235
650 2 4 _aDILAPIDATIONS DISPUTES
651 4 _aUnited Kingdom
_y
690 _aLandlord and tenant
_96252
690 _aDispute resolution
_96236
856 4 0 _uhttps://issuu.com/ricsmodus/docs/building_surveying_journal_december_cfa9ea648afe6a
_yAvailable free online via Issuu
942 _n0
_2ddc
999 _c85039
_d85039